El pensamiento pedagógico de los maestros de educación primaria oficial de Medellín
Saved in:
| Main Authors: | , |
|---|---|
| 格式: | 圖書 |
| 語言: | 西班牙语 |
| 出版: |
Medellín
Universidad de Antioquía
1982
|
| 主題: | |
| 標簽: |
添加標簽
沒有標簽, 成為第一個標記此記錄!
|
MARC
| LEADER | 00000nam a2200000 a 4500 | ||
|---|---|---|---|
| 001 | UCH9451 | ||
| 003 | CL-VaPUC | ||
| 008 | 100107e19820000CK |||||||||||||||||spa|d | ||
| 082 | 0 | 4 | |a 306.43 |b FLO |2 21 |
| 100 | 0 | |a Florez Ochoa, Rafael |e author |9 546554 | |
| 700 | 0 | |a Batista Jiménez, Enrique |e author |9 546555 | |
| 245 | 1 | 3 | |a El pensamiento pedagógico de los maestros de educación primaria oficial de Medellín |
| 300 | |a 183 p | ||
| 942 | |c BK | ||
| 945 | |d 20100107 00:00:00 |a dcastane | ||
| 260 | |a Medellín |b Universidad de Antioquía |c 1982 | ||
| 650 | 0 | |a Sociología de la educación |9 260380 | |
| 650 | 0 | |a Filosofía de la educación |9 258384 | |
| 583 | |a last modification |c 20100107 00:00:00 |k Rodrigo Vera | ||
| 999 | |c 339419 |d 339417 | ||
| 952 | |0 0 |1 0 |4 0 |6 306_430000000000000_FLO_1982 |7 0 |8 A |9 433072 |a BIBEDU |b BIBEDU |d 2019-11-22 |i 4632648 |o 306.43 FLO 1982 |p 4632648 |r 2019-11-22 |w 2019-11-22 |y BK |k EBA | ||